MARC details
| 000 -LEADER |
| fixed length control field |
02251cam a2200565 4500 |
| 001 - CONTROL NUMBER |
| control field |
21567 |
| 003 - CONTROL NUMBER IDENTIFIER |
| control field |
VRT |
| 005 - DATE AND TIME OF LATEST TRANSACTION |
| control field |
20260305085731.0 |
| 008 - FIXED-LENGTH DATA ELEMENTS--GENERAL INFORMATION |
| fixed length control field |
251103s2018 xr af br 000 j slo |
| 015 ## - NATIONAL BIBLIOGRAPHY NUMBER |
| National bibliography number |
SNBZSA2020/01 |
| 020 ## - INTERNATIONAL STANDARD BOOK NUMBER |
| International Standard Book Number |
9788027120239 |
| Qualifying information |
(viazané) |
| 035 ## - SYSTEM CONTROL NUMBER |
| System control number |
urn:nbn:sk:snk-am00dx8x |
| 035 ## - SYSTEM CONTROL NUMBER |
| System control number |
urn:nbn:sk:snk-am3i8ch |
| 035 ## - SYSTEM CONTROL NUMBER |
| System control number |
7ABA194D-3170-4FB1-83C6-96142B9023B5 |
| 039 #9 - LEVEL OF BIBLIOGRAPHIC CONTROL AND CODING DETAIL [OBSOLETE] |
| Level of rules in bibliographic description |
202511031442 |
| Level of effort used to assign nonsubject heading access points |
VLOAD |
| Level of effort used to assign subject headings |
202404251138 |
| Level of effort used to assign classification |
msnk159 |
| Level of effort used to assign subject headings |
202305111009 |
| Level of effort used to assign classification |
msnk176 |
| Level of effort used to assign subject headings |
202202271353 |
| Level of effort used to assign classification |
AUTHORITY |
| 040 ## - CATALOGING SOURCE |
| Original cataloging agency |
ZKSE |
| Language of cataloging |
slo |
| Transcribing agency |
ZKSE |
| Modifying agency |
SNK |
| Description conventions |
rda |
| 041 1# - LANGUAGE CODE |
| Language code of text/sound track or separate title |
slo |
| Language code of original |
cze |
| 044 ## - COUNTRY OF PUBLISHING/PRODUCING ENTITY CODE |
| MARC country code |
xr |
| ISO country code |
CZ |
| 072 #7 - SUBJECT CATEGORY CODE |
| Subject category code |
821.162.3 |
| Subject category code subdivision |
Česká literatúra |
| Source |
konspekt |
| 072 #7 - SUBJECT CATEGORY CODE |
| Subject category code |
821-93 |
| Subject category code subdivision |
Literatúra pre deti a mládež (beletria) |
| Source |
konspekt |
| 080 ## - UNIVERSAL DECIMAL CLASSIFICATION NUMBER |
| Universal Decimal Classification number |
821.162.3-32 |
| Edition identifier |
2011 |
| 080 ## - UNIVERSAL DECIMAL CLASSIFICATION NUMBER |
| Universal Decimal Classification number |
82-93-053.4/.5 |
| Edition identifier |
2011 |
| 100 1# - MAIN ENTRY--PERSONAL NAME |
| Personal name |
Pospíšilová, Zuzana, |
| Dates associated with a name |
1975- |
| Relationship |
aut |
| 240 10 - UNIFORM TITLE |
| Uniform title |
Kouzelná třída |
| Language of a work |
Slovensky |
| 245 1# - TITLE STATEMENT |
| Title |
Kúzelná trieda |
| Statement of responsibility, etc. |
Zuzana Pospíšilová ; ilustrácie Drahomír Trsťan ; preložila Miriam Ghaniová |
| 250 ## - EDITION STATEMENT |
| Edition statement |
Vydanie 1. |
| 264 #1 - PRODUCTION, PUBLICATION, DISTRIBUTION, MANUFACTURE, AND COPYRIGHT NOTICE |
| Place of production, publication, distribution, manufacture |
Praha |
| Name of producer, publisher, distributor, manufacturer |
Bambook |
| Date of production, publication, distribution, manufacture, or copyright notice |
2018 |
| 300 ## - PHYSICAL DESCRIPTION |
| Extent |
71 strán |
| Other physical details |
ilustrácie, ilustrované listy |
| Dimensions |
22 cm |
| 336 ## - CONTENT TYPE |
| Content type term |
text |
| Content type code |
txt |
| Source |
rdacontent |
| 336 ## - CONTENT TYPE |
| Content type term |
statický obraz |
| Content type code |
sti |
| Source |
rdacontent |
| 337 ## - MEDIA TYPE |
| Media type term |
bez média |
| Media type code |
n |
| Source |
rdamedia |
| 338 ## - CARRIER TYPE |
| Carrier type term |
zväzok |
| Carrier type code |
nc |
| Source |
rdacarrier |
| 490 1# - SERIES STATEMENT |
| Series statement |
Čtení pro prvňáčky |
| 500 ## - GENERAL NOTE |
| General note |
Vydalo nakladateľstvo Grada Publishing, a. s., pod značkou bambook |
| 500 ## - GENERAL NOTE |
| General note |
Preložené z českého originálu |
| 655 #7 - INDEX TERM--GENRE/FORM |
| Genre/form data or focus term |
české príbehy |
| Source of term |
SNKPH |
| 655 #7 - INDEX TERM--GENRE/FORM |
| Genre/form data or focus term |
literatúra pre deti |
| Source of term |
SNKPH |
| 655 #7 - INDEX TERM--GENRE/FORM |
| Genre/form data or focus term |
Czech stories |
| Source of term |
SNKPHeng |
| 655 #7 - INDEX TERM--GENRE/FORM |
| Genre/form data or focus term |
Children's literature |
| Source of term |
SNKPHeng |
| 700 1# - ADDED ENTRY--PERSONAL NAME |
| Personal name |
Trsťan, Drahomír, |
| Dates associated with a name |
1958- |
| Relationship |
ill |
| 700 1# - ADDED ENTRY--PERSONAL NAME |
| Personal name |
Ghaniová, Miriam |
| Relationship |
trl |
| 710 2# - ADDED ENTRY--CORPORATE NAME |
| Corporate name or jurisdiction name as entry element |
Grada Publishing, a.s. |
| Relationship |
pbl |
| 787 08 - OTHER RELATIONSHIP ENTRY |
| Relationship information |
Zo série: |
| Title |
Kúzelná trieda |
| Related parts |
1 |
| 830 #0 - SERIES ADDED ENTRY--UNIFORM TITLE |
| Uniform title |
Čtení pro prvňáčky |
| 942 ## - ADDED ENTRY ELEMENTS (KOHA) |
| Source of classification or shelving scheme |
Dewey Decimal Classification |
| Koha item type |
Krásna literatúra pre deti |
| Suppress in OPAC |
No |
| 949 ## - LOCAL PROCESSING INFORMATION (OCLC) |
| 6 |
273K0660621 |
| a |
svkpoB 111547 |
| b |
svkpo652504 |
| p |
Dotlač 1., r. 2019 - dotlač k 1. vydaniu (r. 2018) |
| 949 ## - LOCAL PROCESSING INFORMATION (OCLC) |
| 6 |
273K0631852 |
| a |
svkpoB 104734 |
| b |
svkpo626457 |
| 949 ## - LOCAL PROCESSING INFORMATION (OCLC) |
| 6 |
17A1360959 |
| a |
snkSC 183277 |
| b |
snk2019/6729 |
| o |
Vydavatelství a nakladatelství Aleš Čeněk153-ah/33Int. č. fa – 145/2018 |
| s |
6100:20200117 |